000
00274nam a2200109Ia 4500
008
210430s9999 xx 000 0 und d
082
_a
668.9 P7621 P
100
_a
D. R. Paul
_9
53220
245
_a
Polymer Blends Vol- 1
_c
D. R. Paul
300
_a
600 p.
942
_c
BK
_2
ddc
999
_c
563070
_d
563070